Les émules de Darwin / (Record no. 178923)
[ view plain ]
| 000 -LEADER | |
|---|---|
| campo de control de longitud fija | 01147namaa2200241 i 4500 |
| 001 - NÚMERO DE CONTROL | |
| campo de control | 178923 |
| 003 - IDENTIFICADOR DE NÚMERO DE CONTROL | |
| campo de control | ES-MaACL |
| 005 - FECHA Y HORA DE LA ÚLTIMA TRANSACCIÓN | |
| campo de control | 20250620063021.0 |
| 008 - DATOS DE LONGITUD FIJA--INFORMACIÓN GENERAL | |
| campo de control de longitud fija | 110810s1894 fr | |||| ||fre d |
| 080 ## - NÚMERO DE LA CLASIFICACIÓN DECIMAL UNIVERSAL | |
| Número de la Clasificación Decimal Universal | 929:502"18" |
| 100 1# - ENTRADA PRINCIPAL--NOMBRE DE PERSONA | |
| Nombre de persona | Quatrefages, Armand de, |
| Fechas asociadas al nombre | 1810-1892 |
| 9 (RLIN) | 131507 |
| 245 14 - MENCIÓN DEL TÍTULO | |
| Título | Les émules de Darwin / |
| Mención de responsabilidad, etc. | par A. de Quatrefages ; précédé d'une préface par Edmond Perrier ; et d'une notice sur la vie et les travaux de M. de Quatrefages par E.-T. Hamy. |
| 260 ## - PUBLICACIÓN, DISTRIBUCIÓN, ETC. | |
| Lugar de publicación, distribución, etc. | Paris : |
| Nombre del editor, distribuidor, etc. | Ancienne Librairie Germer Beillière et Cª : |
| -- | Félix Alcan, |
| Fecha de publicación, distribución, etc. | 1894. |
| 300 ## - DESCRIPCIÓN FÍSICA | |
| Extensión | 2 v. ; |
| Dimensiones | 22 cm. |
| 490 1# - MENCIÓN DE SERIE | |
| Mención de serie | Bibliothèque scientifique internationale ; |
| Designación de volumen o secuencia | 77-78 |
| 505 8# - NOTA DE CONTENIDO CON FORMATO | |
| Nota de contenido con formato | Contiene: 1. Introduction. Alfred Russel Wallacce. M. Naudin. M.J. Romanes -- 2. M. Carl Vogt. Filippi. Haeckel. Huxley. Owen. Mivart. Gubler et Koelliker. D'Omalius d'Halloy. Erasme Darwin |
| 650 #4 - PUNTO DE ACCESO ADICIONAL DE MATERIA--TÉRMINO DE MATERIA | |
| Término de materia o nombre geográfico como elemento de entrada | Naturalistas- |
| Subdivisión cronológica | S.XIX. |
| 9 (RLIN) | 147557 |
| 700 0# - ENTRADA AGREGADA--NOMBRE PERSONAL | |
| Nombre de persona | Perrier, Edmond. |
| 9 (RLIN) | 91351 |
| 700 1# - ENTRADA AGREGADA--NOMBRE PERSONAL | |
| Nombre de persona | Hamy, Ernest-Théodore. |
| 9 (RLIN) | 143180 |
| 830 0# - PUNTO DE ACCESO ADICIONAL DE SERIE-TÍTULO UNIFORME | |
| Título uniforme | Bibliothèque scientifique internationale ; |
| Designación de volumen o secuencia | 77-78 |
| 9 (RLIN) | 186949 |
| 852 ## - LOCALIZACIÓN | |
| Ubicación | ES-MaACL |
| Número de control de estantería | F-14406-07 |
| Estatus retirado | Estado de pérdida | Estado de daño | No para préstamo | Colección | Biblioteca de origen | Biblioteca actual | Ubicación en estantería | Fecha de adquisición | Fuente de adquisición | Total de préstamos | Signatura topográfica completa | Código de barras | Visto por última vez | Precio de reemplazo | Tipo de ítem Koha |
|---|---|---|---|---|---|---|---|---|---|---|---|---|---|---|---|
| Libros del s. XIX | Biblioteca del Ateneo de Madrid | Biblioteca del Ateneo de Madrid | Sala Pecera Planta 2 | 10/08/2011 | F-14406-07 | 1187948 | 23/02/2023 | 23/02/2023 | Libro impreso antiguo |
